000 00269nam a22001337a 4500
008 170403b xxu||||| |||| 00| 0 eng d
020 _a067503254706
041 _aeng
080 _a574
100 _a9
101 _aSHM
245 _aHEALTH
_cHEIT.M
942 _2udc
_cBK
999 _c9539
_d9539